Meranie nerovnosti a chudoby podľa EU SILC, problémy medzinárodného porovnávania a analýz na národnej úrovni

Meranie nerovnosti chudoby podľa EU SILC - systém tzv. Laekenských indikátorov, schválených Európskou radou v Laekene v decembri 2001. Primárne indikátory príjmovej nerovnosti, chudoby a sociálneho vylúčenia.

Na minha lista:
Detalhes bibliográficos
Autor principal: Sipková, Ľubica, 1962-
Formato: Capítulo de Livro
Idioma:eslovaco
Assuntos:
Tags: Adicionar Tag
Sem tags, seja o primeiro a adicionar uma tag!

MARC

LEADER 00000naa$a2200000$$$4500
001 0195657
005 20240502073303.1
041 0 |a slo 
044 |a SK 
245 1 0 |a Meranie nerovnosti a chudoby podľa EU SILC, problémy medzinárodného porovnávania a analýz na národnej úrovni  |c Ľubica Sipková 
520 |a Meranie nerovnosti chudoby podľa EU SILC - systém tzv. Laekenských indikátorov, schválených Európskou radou v Laekene v decembri 2001. Primárne indikátory príjmovej nerovnosti, chudoby a sociálneho vylúčenia. 
610 2 0 |a meranie 
610 2 0 |a chudoba 
610 2 0 |a pravdepodobnosť 
610 2 0 |a znaky štatistické 
610 2 0 |a diferenciácia sociálna 
610 2 0 |a diferenciácia mzdová 
100 1 |a Sipková, Ľubica, 1962-